000
00272nam a22001217a 4500
008
170524b xxu||||| |||| 00| 0 eng d
041
_a
eng
080
_2
2ND
_a
621
100
_a
26
101
_a
IM
245
_a
CHEMICAL ENGINEERING KINETICS
_c
SMITH,J.M
942
_2
udc
_c
BK
999
_c
14118
_d
14118